00903nam a2200193 a 450000100100000000500170001000800410002704000250006808200170009310000210011024501380013125000110026926000470028030000380032750001620036550000980052750000430062550000410066800002462720200930023257.0110201s2004 mx ac r 000 0 spa d aDO-SdBNPbspacBNPHU axxxxxbR459m1 aReynaga, Rubén10aMétodo de alimentación multidimensional (Metalim) :bel peso ideal y la salud óptima siempre van de la mano /cRubén Reynaga. a2a ed. aMéxico, D. F. :bventa Universal,c2004. a300 p. :bil., retrs. ;c21.5 cm. aEn la portada: el único sistema que ha sido probado en millones de personas en docenas de países desde los años setentas con resultados impresionantes. aEn la cubierta: Cómo bajar de peso en 25 días y sin dejar de comer y sin hacer ejercicio. aIncluye notas al pie de las páginas. aIncluye bibliografía p. [295-300].